Tippeligaen toppscorer - Statistics

General Stats
  • This quiz has been taken 104 times
  • The average score is 5 of 15
Answer Stats
# Spiller % Correct
158 Odd Iversen
76%
172 Sigurd Rushfeldt
76%
166 Harald Martin Brattbakk
72%
101 Ole Martin Årst
58%
132 Frode Johnsen
56%
116 Thorstein Helstad
46%
112 Jostein Flo
41%
102 Morten Berre
29%
159 Petter Belsvik
29%
111 Arild Sundgot
22%
114 Arne Pedesen
21%
106 Svein Mathisen
9%
113 Bengt Sæternes
8%
109 Jan Fuglset
1%
147 Per Kristoffersen
1%
No matching quizzes found
Score Distribution
Percent of People with Each Score
Percentile by Number Answered
Your Score History
You have not taken this quiz